000 00772nam a2200181Ia 4500
003 GCL
008 140319s9999 xx 000 0 ara d
040 _aGCL /
_cGCL
082 0 4 _a658.401531
_bع س
100 1 _aعلى ناصر شتوى آل زاهر
245 1 0 _aسياسات التطوير الادارى بالمملكة العربية السعودية :
_bدراسة تحليلية من خلال المداخل الرئيسية للتنمية الادارية /
_cعلى ناصر شتوى آل زاهر
260 _aالرياض :
_bجامعة الملك عبدالعزيز ،
_c2000
300 _a384 ص ؛
_c24 سم
490 _a
650 0 4 _aالادارة العامة
650 0 4 _aالسعودية - التنمية الادارية
942 _2ddc
_cBK
999 _c34616
_d34616